00682nam a2200157 a 450000100100000000500170001000800410002704000250006810000290009324500680012226000380019030000200022849000210024850002340026983000210050300002832820200930031538.0110408s1991 dr 000 0 spa d aDO-SdBNPbspacBNPHU1 aCollao Montañez, Oscar10aEl financiamiento de la educación /cCollao Montañez Oscar. aSanto Domingo :bFUNDAPEC,c1991. a27 p. ;c22 cm.1 aInstitucionalv5 aEste trabajo fue publicado en la Unidad de Información y Divulgación del Programa de Cooperación Técnica para el fortalecimiento del sistem de Enseñanza Técnico Vocacional en la República Dominicana, octubre de 1991 0aInstitucionalv5